Η πόλη στην πρώιμη Αναγέννηση

Αποθηκεύτηκε σε:
Λεπτομέρειες βιβλιογραφικής εγγραφής
Κύριος συγγραφέας: Calabi, Donatella
Άλλοι συγγραφείς: Παρίτσης, Σπύρος (Μεταφραστής), Δότση, Δήμητρα (trlf)
Μορφή: Βιβλίο
Γλώσσα:Greek
Italian
Δημοσίευση: Αθήνα : Σαββάλας, 2004.
Σειρά:Ιστορία της πόλης
Θέματα:
Ετικέτες: Προσθήκη ετικέτας
Δεν υπάρχουν, Καταχωρήστε ετικέτα πρώτοι!

MARC

LEADER 00000cam a2200000 i 4500
001 1/88036
008 051025s2004 gr | ||| |||| ||gre||
020 |a 9604230786 
035 |l 10080976 
040 |a GR-MyUA  |b gre  |e AACR2 
041 1 |a gre  |h ita 
082 0 |a 711.4094  |2 (22) 
100 1 |a Calabi, Donatella. 
245 1 2 |a Η πόλη στην πρώιμη Αναγέννηση /   |c Donatella Calabi ; μετάφραση Σπύρος Παρίτσης, Δήμητρα Δότση.  
260 |a Αθήνα :   |b Σαββάλας,   |c 2004.  
300 |a 191 σ. :   |b εικ. ;   |c 20 εκ.  
490 1 |a (Ιστορία της πόλης)  
500 |a Τίτλος πρωτοτύπου: La citta del primo Rinascimento.  
500 |a Μετάφραση από τα ιταλικά 
504 |a Περιέχει βιβλιογραφία (σ. 167-183) και ευρετήριο.  
650 0 0 |a Cities and towns, Renaissance. 
650 0 0 |a Cities and towns, Renaissance  |z Italy. 
650 0 0 |a City planning  |z Europe  |x History. 
650 0 0 |a City planning  |z Italy  |x History. 
700 1 |a Παρίτσης, Σπύρος,  |e trl 
700 1 |a Δότση, Δήμητρα,  |e trlf 
830 0 |a Ιστορία της πόλης 
852 |a INST  |b LESVOS  |e 20051025  |h 711.4094 CAL  |p 005100032886  |q 005100032886  |t BK  |y 0 
901 |a BIBL1-2005-3 
909 |a Λ  |b 124406 
922 |a 1ΕΛΗ  |b 200510  |c Παράρτημα Λέσβου  |d Χατζηδανιήλ 
970 |a ΚΑΡΑ  |b ΓΙΑΣΕΜΗ  |z 2005/10/25